The Easier Approach To Pharmacology For All Health Professionals. (Record no. 3592)

MARC details
000 -LEADER
fixed length control field 00442nam a22001577a 4500
008 - FIXED-LENGTH DATA ELEMENTS--GENERAL INFORMATION
fixed length control field 250522b |||||||| |||| 00| 0 eng d
020 ## - INTERNATIONAL STANDARD BOOK NUMBER
ISBN 9780717692
100 ## - MAIN ENTRY--AUTHOR
Author Mustapha R.O.
245 ## - TITLE STATEMENT
Title The Easier Approach To Pharmacology For All Health Professionals.
250 ## - EDITION STATEMENT
Edition statement Third Edition
260 ## - PUBLICATION, DISTRIBUTION, ETC. (IMPRINT)
Place of publication Kwara
Name of publisher Akins Media Prints
Date of publication 2012
300 ## - COLLATION
Pagination 427p:
Other physical details illustration;
650 ## - TRACINGS
Main Subject Pharmacology
942 ## - ADDED ENTRY ELEMENTS (KOHA)
Item type Books
050 ## - LIBRARY OF CONGRESS CALL NUMBER
Classification number RM108
Item number .M87 2012
Holdings
Source of classification or shelving scheme Not for loan Permanent location Current location Date acquired Accession No. Full call number Barcode. Koha item type
Library of Congress Classification   Medical Library Medical Library 05/22/2025 2024/63118-1 RM108.M87 2012 2025-2065 Books